Jom mengetop : Menjadi terbaik antara yang baik

Bibliographic Details
Main Author: HM Tuah Iskandar Al Haj Dr
Format: Book
Published: Selangor : Alaf21 , 2009
Subjects:

MARC

LEADER 00000cam a2200000 7i4500
001 0000051934
005 20150920.0
008 150913
020 |a 9789831244654 
090 0 0 |a 158.1   |b HMT 
100 0 |a HM Tuah Iskandar Al Haj Dr 
245 1 0 |a Jom mengetop :   |b Menjadi terbaik antara yang baik   |c Dr.HM Tuah Iskandar Al Haj 
260 |a Selangor :   |b Alaf21 ,   |c 2009 
300 |a 245pg. 
650 0 |a Success   |x psychological aspectes 
999 |a 0001192248   |b Book   |c Adult Collection   |e Cawangan Segamat 
999 |a 0001192254   |b Book   |c Adult Collection   |e Cawangan Kota Tinggi 
999 |a 0001192255   |b Book   |c Adult Collection   |e Cawangan Bandar Penawar 
999 |a 0001192257   |b Book   |c Adult Collection   |e Cawangan Tangkak